Tierras de oriente : (Registro nro. 20267)
[ vista simple ]
| 000 -CABECERA | |
|---|---|
| Longitud fija campo de control | 00942nam a2200289Ia 4500 |
| 001 - NÚMERO DE CONTROL | |
| Número de control | 403942 |
| 003 - IDENTIFICADOR DEL NÚMERO DE CONTROL | |
| Identificador del número de control | EC-QuCCB |
| 005 - FECHA Y HORA DE LA ÚLTIMA TRANSACCIÓN | |
| Fecha y hora de la última transacción | 20240710144412.0 |
| 007 - CAMPO FIJO DE DESCRIPCIÓN FÍSICA--INFORMACIÓN GENERAL | |
| Campo fijo de descripción física | ta |
| 008 - DATOS DE LONGITUD FIJA--INFORMACIÓN GENERAL | |
| Códigos de información de longitud fija | 130917s1936 ec gr 001 0dspa d |
| 040 ## - FUENTE DE LA CATALOGACIÓN | |
| Centro catalogador de origen | EC-QuCCB |
| 041 0# - CÓDIGO DE LENGUA | |
| Código de lengua del texto;banda sonora o título independiente | spa |
| 043 ## - CÓDIGO DE ÁREA GEOGRÁFICA | |
| Código de área geográfica | s-ec |
| 082 0# - NÚMERO DE LA CLASIFICACIÓN DECIMAL DEWEY | |
| Número de clasificación | 918 664 |
| Número de documento | J531 |
| 100 1# - ENTRADA PRINCIPAL--NOMBRE DE PERSONA | |
| 9 (RLIN) | 3768 |
| Nombre de persona | Jaramillo Alvarado, Pio, |
| Fechas asociadas con el nombre | 1884-1968 |
| 245 10 - MENCIÓN DE TÍTULO | |
| Título | Tierras de oriente : |
| Parte restante del título | caminos - ferrocarriles - administración - riqueza aurífera |
| Mención de responsabilidad, etc. | Pío Jaramillo Alvarado |
| 260 ## - PUBLICACIÓN, DISTRIBUCIÓN, ETC. (PIE DE IMPRENTA) | |
| Lugar de publicación, distribución, etc. | Quito, Ecuador : |
| Nombre del editor, distribuidor, etc. | Imprenta y Encuadernación Nacionales, |
| Fecha de publicación, distribución, etc. | 1936 |
| 300 ## - DESCRIPCIÓN FÍSICA | |
| Extensión | 519 páginas ; |
| Dimensiones | 22 cm |
| 336 ## - TIPO DE CONTENIDO | |
| Content type term | texto |
| Content type code | txt |
| 337 ## - TIPO DE MEDIO | |
| Media type term | no mediano |
| Media type code | n |
| 338 ## - TIPO DE PORTADOR | |
| Carrier type term | volumen |
| Carrier type code | nc |
| 505 1# - NOTA DE CONTENIDO CON FORMATO | |
| Nota de contenido con formato preestablecido | Caminos -- Ferrocarriles -- Administración -- Riqueza aurífera, |
| 590 0# - NOTA LOCAL (RLIN) | |
| Nota local | gqm |
| 651 #4 - PUNTO DE ACCESO ADICIONAL DE MATERIA--NOMBRE GEOGRÁFICO | |
| Nombre geográfico | Región Oriental (Ecuador) |
| 9 (RLIN) | 17774 |
| Subdivisión de materia general | Geografía |
| Nombre geográfico | Región Oriental (Ecuador) |
| 9 (RLIN) | 17772 |
| Subdivisión de materia general | Condiciones sociales |
| 942 ## - ELEMENTOS DE PUNTO DE ACCESO ADICIONAL (KOHA) | |
| Fuente de clasificaión o esquema | Dewey Decimal Classification |
| Koha [por defecto] tipo de item | Monografía |
| Suprimido | Perdido | Fuente de clasificación o esquema | Estropeado | No se presta | Localización (Biblioteca) | Localización actual | Localización en estanterías | Fecha adquisición | Préstamos totales | Clasificación completa | Designación de pieza (código de barras) | Fecha última consulta | Número de ejemplar | Fecha del precio de reemplazo | Tipo de item de Koha | Restricciones de uso | Koha Colección | Fuente de adquisición |
|---|---|---|---|---|---|---|---|---|---|---|---|---|---|---|---|---|---|---|
| Disponible | Dewey Decimal Classification | Sin daños | Disponible para préstamo | Biblioteca CCE - Loja | Biblioteca CCE - Loja | En Col. | 13/11/1997 | 918.664 J531 | CCELOJ'000108 | 04/12/2014 | Ej.1 | 04/12/2014 | Monografía | |||||
| Disponible | Número de Clasificación Local | Sin daños | No para préstamo | Biblioteca y Archivo de la CCE | Biblioteca y Archivo de la CCE | NELA MARTÍNEZ | 24/05/2016 | NM00235 | NM-00236 | 14/07/2016 | Ej.1 | 24/05/2016 | Monografía | Acceso Restringido | NELA MARTÍNEZ | Donación Nela Martínez |























